10 Biggest U.S. Cities by Timezone with a Map - Statistics

General Stats
  • This quiz has been taken 121 times
  • The average score is 43 of 60
Answers on the Map
Answers color-coded by a green-red scale on the quiz's map according to % correct below.
 
Answer Stats
Time Zone City % Correct
Pacific San Francisco
98%
Pacific Seattle
98%
Central Chicago
97%
Central Dallas
97%
Eastern New York City
97%
Eastern Philadelphia
97%
Central Houston
96%
Pacific Los Angeles
96%
Pacific Portland
96%
Eastern Boston
95%
Hawaii Honolulu
95%
Mountain Phoenix
95%
Eastern Detroit
94%
Central Nashville
94%
Central Austin
93%
Eastern Columbus
93%
Mountain Denver
93%
Eastern Indianapolis
93%
Pacific Las Vegas
93%
Central Oklahoma City
93%
Alaska Anchorage
92%
Eastern Washington
92%
Eastern Jacksonville
91%
Central San Antonio
91%
Pacific San Diego
91%
Alaska Juneau
90%
Mountain El Paso
89%
Pacific Sacramento
89%
Mountain Albuquerque
88%
Eastern Charlotte
88%
Central Memphis
88%
Alaska Fairbanks
87%
Pacific San Jose
87%
Central Fort Worth
86%
Central Milwaukee
86%
Mountain Colorado Springs
84%
Mountain Tucson
81%
Eastern Louisville
79%
Pacific Fresno
76%
Mountain Mesa
70%
Pacific Long Beach
67%
Mountain Aurora
65%
Hawaii Hilo
62%
Mountain Gilbert
49%
Mountain Chandler
45%
Alaska Sitka
43%
Alaska Kodiak
38%
Hawaii Pearl City
37%
Hawaii East Honolulu
35%
Alaska Ketchikan
35%
Alaska Wasilla
32%
Alaska Bethel
19%
Hawaii Kahului
18%
Alaska Kenai
18%
Hawaii Kailua
15%
Alaska Palmer
13%
Hawaii Waipahu
11%
Hawaii Kaneohe
10%
Hawaii Kihei
10%
Hawaii Mililani
6%
No matching quizzes found
Score Distribution
Percent of People with Each Score
Percentile by Number Answered
Your Score History
You have not taken this quiz